Java programming : (Record no. 10757)

MARC details
000 -LEADER
fixed length control field 00790nam a22002417i 4500
003 - CONTROL NUMBER IDENTIFIER
control field URS
005 - DATE AND TIME OF LATEST TRANSACTION
control field 20260223163605.0
008 - FIXED-LENGTH DATA ELEMENTS--GENERAL INFORMATION
fixed length control field 011231b xxu||||| |||| 00| 0 eng d
020 ## - INTERNATIONAL STANDARD BOOK NUMBER
International Standard Book Number 9789814716994
040 ## - CATALOGING SOURCE
Description conventions rda
Transcribing agency URS
Language of cataloging English
050 ## - LIBRARY OF CONGRESS CALL NUMBER
Classification number QA76.73.J38
Item number M453j 2016
100 ## - MAIN ENTRY--PERSONAL NAME
Personal name Mayfield, Blayne,
Relator term author.
245 ## - TITLE STATEMENT
Title Java programming :
Remainder of title from problem analysis to program design lab manual /
Statement of responsibility, etc Blayne Mayfield.
250 ## - EDITION STATEMENT
Edition statement Third edition.
264 #1 - PUBLICATION, DISTRIBUTION, ETC. (IMPRINT)
Place of publication, distribution, etc Pasig City :
Name of publisher, distributor, etc Cengage Learning Asia Pte Ltd (Philippine Branch)
Date of publication, distribution, etc ©2016.
300 ## - PHYSICAL DESCRIPTION
Extent ix, 321 pages ;
Dimensions 26 cm.
336 ## - CONTENT TYPE
Content type term text
Content type code txt
Source rdacontent
337 ## - MEDIA TYPE
Media type term unmediated
Media type code n
Source rdamedia
338 ## - CARRIER TYPE
Carrier type term volume
Carrier type code nc
Source rdacarrier
500 ## - GENERAL NOTE
General note Includes index.
650 ## - SUBJECT ADDED ENTRY--TOPICAL TERM
Topical term or geographic name as entry element Java (Computer program language).
942 ## - ADDED ENTRY ELEMENTS (KOHA)
Source of classification or shelving scheme Library of Congress Classification
Koha item type Foreign Books
Holdings
Withdrawn status Lost status Source of classification or shelving scheme Damaged status Not for loan Collection code Home library Current library Shelving location Date acquired Source of acquisition Cost, normal purchase price Total Checkouts Full call number Barcode Date last seen Copy number Cost, replacement price Koha item type
    Library of Congress Classification     Non-fiction Taytay College Library Taytay College Library Foreign Section 05/30/2016 Purchased 395.00   QA76.73.J38 M451j 2016 URSTAY-3679 06/04/2025 1 395.00 Foreign Books
    Library of Congress Classification     Non-fiction Taytay College Library Taytay College Library Foreign Section 05/30/2016 Purchased 395.00   QA76.73.J38 M451j 2016 URSTAY-3680 06/04/2025 2 395.00 Foreign Books
    Library of Congress Classification     Non-fiction Taytay College Library Taytay College Library Foreign Section 05/30/2016 Purchased 395.00   QA76.73.J38 M451j 2016 URSTAY-3681 12/31/2001 3 395.00 Foreign Books

University of Rizal System
Email us at univlibservices@urs.edu.ph

Visit our Website www.urs.edu.ph/library